00919cam a2200253 a 450000100060000000300080000600500170001400800390003103500190007004000320008904100080012108200290012910000430015824500620020126000360026330000280029950400510032765000340037865100370041265100340044994200120048399900170049595201530051226316BD-RjUL20211209051011.0140322s1958 ii b 001 0 eng a(BD-RjUL)26386 aDLCcDLCdDLCdBD-RjULbeng aeng00a954.004948219bSEM 19581 aSen, Surendra Nath,d1890-1962.98090914aThe military system of the Marathas /cSurendra Nath Sen. aCalcutta :bK.P. Bagchi,c1958. axviii, 266 p. ;c22 cm. aIncludes Bibliography: p. [243]-250 and index. 0aMaratha (Indic people)958444 0aIndiaxHistory, Military.980910 0aIndiaxHistory, Naval.980766 2ddccBK c26316d26316 00102ddc40728NFICaRUCLbRUCLcReadingd1969-04-08eBook House , Londong15.62l0o954.004948 SEM 1958r2014-03-22 00:00:00tC-1w2014-03-22yBK